000 00427nam a2200145Ia 4500
041 _aArabic
082 _a729.2 cut-895 خ
100 _a20260118u\\\\\\\\\\\y0engy0103\\\\ba
100 _aمحمد ماجد خلوصي
245 0 _aمبادئ رسم المنظور المعماري
250 _aط1
260 _bدار قابس للطباعة والنشر
_aبيروت - لبنان
_c2002
300 _a253
942 _cBk
999 _c189874
_d189874